| 000 | 01633nkm a2200337 i 4500 | ||
|---|---|---|---|
| 001 | 4000 | ||
| 003 | ES-MaACL | ||
| 005 | 20250713062904.0 | ||
| 007 | khrbo | ||
| 008 | 070621s1987 sp --- g |001||spa d | ||
| 100 | 0 |
_aAlfonso, _d1902-1990 _919858 |
|
| 245 | 1 | 0 |
_aGustav Mahler [ _hFotografía] _b: entre el deseo y el arte / _cAlfonso (sello). |
| 260 |
_a[S.l. : _bs.n.], _c1987. |
||
| 300 |
_a2 fot. : _bb. y n. ; _c12 x 18 cm. |
||
| 500 | _aDatos basados en invitación. | ||
| 500 | _aIncluye representación de la obra "Gustav Mahler: entre el deseo y el arte" por el Grupo Dramático "Alcores" | ||
| 511 | 0 | _aIntervienen: Jorge Sánchez Morión, Javier Miranda Valdés, Enrique Fernández Valderrama, César de Vicente Hernando, Damián García Fente. | |
| 518 | _aActo organizado por el Ateneo de Madrid en colaboración con la Sección de Música y la revista "Alcores" de Cultura e Investigación, celebrado en el salón de actos el lunes, 13 de abril de 1987, a las 19:30 h. | ||
| 600 | 1 | 4 |
_aSánchez Morión, Jorge. _9102799 |
| 600 | 1 | 4 |
_aMiranda Valdés, Javier. _981558 |
| 600 | 1 | 4 |
_aFernández Valderrama, Enrique. _950137 |
| 600 | 1 | 4 |
_aVicente Hernando, César de. _9114361 |
| 600 | 1 | 4 |
_aGarcía Fente, Damián. _954590 |
| 610 | 2 | 4 |
_aAteneo de Madrid- _xActos culturales- _y1987- _vFotografías. _91902 |
| 710 | 2 |
_aAteneo de Madrid. _bSección de Música. _92004 |
|
| 710 | 2 |
_aGrupo Dramático "Alcores" _94523 |
|
| 730 | 0 |
_aAlcores. _9118754 |
|
| 852 |
_aES-MaACL _jFOT 65/1987 |
||
| 856 | 4 |
_uhttp://www.ateneodemadrid.net/biblioteca_digital/imagenes/1987/0065-1987.jpg _zVer imagen |
|
| 999 |
_c4000 _d4000 |
||